000 00587nam a2200193Ia 4500
003 GCL
008 140319s9999 xx 000 0 ara d
040 _aGCL /
_cGCL
082 0 4 _a259
_bس ف
100 1 _aالسبكى , تقى الدين ابوالحسن
245 1 0 _aفتاوى السبكى /
_cالسبكى , تقى الدين ابوالحسن
260 _aبيروت :
_bدار المعرفة
300 _a650 ؛
_c24 سم
490 _a
650 0 4 _aالاسلام
650 0 4 _aالفتاوى الشرعية
650 0 4 _aالفقه الاسلامى
942 _2ddc
_cBK
999 _c41511
_d41511